On liberty ; Representative government ; The subjection of women : (Record no. 46628)
[ view plain ]
| 000 -LEADER | |
|---|---|
| fixed length control field | 01170cam a2200313Ia 4500 |
| 001 - CONTROL NUMBER | |
| control field | 46628 |
| 003 - CONTROL NUMBER IDENTIFIER | |
| rucl marc code | BD-RjUL |
| 005 - DATE AND TIME OF LATEST TRANSACTION | |
| control field | 20211209054159.0 |
| 008 - FIXED-LENGTH DATA ELEMENTS--GENERAL INFORMATION | |
| fixed length control field | 171101r19631912enk 000 0 eng d |
| 035 ## - SYSTEM CONTROL NUMBER | |
| System control number | (BD-RjUL)46747 |
| 040 ## - CATALOGING SOURCE | |
| Original cataloging agency | ANR |
| Transcribing agency | BD-RjUL |
| Modifying agency | BD-RjUL |
| Language of cataloging | eng |
| 041 ## - LANGUAGE CODE | |
| Language code of text/sound track or separate title | eng |
| 082 ## - DEWEY DECIMAL CLASSIFICATION NUMBER | |
| Edition number | 23 |
| Classification number | 323 |
| Author mark and year | MIO 1965 |
| 100 1# - MAIN ENTRY--PERSONAL NAME | |
| Personal name | Mill, John Stuart, |
| Dates associated with a name | 1806-1873. |
| 9 (RLIN) | 219349 |
| 245 10 - TITLE STATEMENT | |
| Title | On liberty ; Representative government ; The subjection of women : |
| Remainder of title | three essays / |
| Statement of responsibility, etc. | by John Stuart Mill ; with an introduction by Millicent Garrett Fawcett. |
| 260 ## - PUBLICATION, DISTRIBUTION, ETC. (IMPRINT) | |
| Place of publication, distribution, etc. | London : |
| Name of publisher, distributor, etc. | Oxford University Press, |
| Date of publication, distribution, etc. | 1912 [reprinted 1963] |
| 300 ## - PHYSICAL DESCRIPTION | |
| Pagination | xx, 548 p. ; |
| Size | 16 cm. |
| 490 1# - SERIES STATEMENT | |
| Series statement | The world's classics ; |
| Volume/sequential designation | 170 |
| 500 ## - GENERAL NOTE | |
| General note | First published in one volume in 1912. |
| 650 #0 - SUBJECT ADDED ENTRY--TOPICAL TERM | |
| Topical term or geographic name as entry element | Liberty. |
| 9 (RLIN) | 219350 |
| Topical term or geographic name as entry element | Representative government and representation. |
| 9 (RLIN) | 219351 |
| Topical term or geographic name as entry element | Women's rights. |
| 9 (RLIN) | 219352 |
| 700 ## - ADDED ENTRY--PERSONAL NAME | |
| Personal name | Fawcett, Millicent Garrett, Introducer |
| 830 #0 - SERIES ADDED ENTRY--UNIFORM TITLE | |
| Uniform title | World's classics ; |
| Volume number/sequential designation | 170. |
| 942 ## - ADDED ENTRY ELEMENTS (KOHA) | |
| Source of classification or shelving scheme | Dewey Decimal Classification |
| Koha item type | Books |
| 949 #0 - LOCAL PROCESSING INFORMATION (OCLC) | |
| 3 | g |
| a | x |
| b | LSA |
| c | OCC |
| o | 0 |
| p | 39080035186730 |
| x | 15 |
| h | JC585.M6 1969 |
| Lost status | Source of classification or shelving scheme | Damaged status | Not for loan | Collection code | Permanent Location | Current Location | Shelving location | Date acquired | Source of acquisition | Cost, normal purchase price | Total Checkouts | Full call number | Date last seen | Copy number | Koha item type |
|---|---|---|---|---|---|---|---|---|---|---|---|---|---|---|---|
| Dewey Decimal Classification | Not For Loan | Rare Books | Central Library, University of Rajshahi | Central Library, University of Rajshahi | Rare Book Section | 09/12/2021 | Zeitlinger | 8.60 | RA 323 MIO 1963 | 01/11/2017 | C-1 | Rare Books |